TRY SEM needs collective approach for success (Record no. 1350)

000 -LEADER
fixed length control field 00356pab a2200133 454500
008 - FIXED-LENGTH DATA ELEMENTS--GENERAL INFORMATION
fixed length control field 180718b xxu||||| |||| 00| 0 eng d
100 ## - MAIN ENTRY--PERSONAL NAME
Personal name Rao, A. Murali Dhar
245 ## - TITLE STATEMENT
Title TRY SEM needs collective approach for success
650 ## - SUBJECT ADDED ENTRY--TOPICAL TERM
Topical term or geographic name entry element Employment, Rural - India
700 ## - ADDED ENTRY--PERSONAL NAME
Personal name Rao, J. Narasimha
700 ## - ADDED ENTRY--PERSONAL NAME
Personal name Reddy, B. Sekkar
773 ## - HOST ITEM ENTRY
Main entry heading Kuruksheta
909 ## -
-- 1350
Holdings
Withdrawn status Lost status Damaged status Not for loan Permanent Location Current Location Date acquired Serial Enumeration / chronology Barcode Date last seen Price effective from Koha item type
        Indian Institute of Public Administration Indian Institute of Public Administration 2018-07-19 Issue no: 39(10), Jul.91, p.29-31 AR1350 2018-07-19 2018-07-19 Articles

Powered by Koha